| 000 | 01998cam a2200253 4500 | ||
|---|---|---|---|
| 001 | L159475 | ||
| 008 | 040913n2016 000 0 eng u | ||
| 035 | _a(Sirsi) u159475 | ||
| 041 | _aeng | ||
| 110 | 2 |
_aInternational Workplace _96143 |
|
| 245 | 0 | 0 |
_aRICS strategic facilities management _bcase studies: July 2016 |
| 260 |
_aLondon _bRICS _c2016 |
||
| 490 | 0 | _aRICS Research | |
| 505 | 2 | _aForeword -- FM brand delivery: How an FM provider has helped a national museum to maintain environmental and comfort controls for world class collections -- FM brand delivery: The strategic role of FM in enabling a top international school in Thailand to keep its students safe and secure -- FM brand delivery: Utilising FM and asset management to enable an English Borough Council to self-fund services -- FM brand delivery: Using a 'One Team' approach for FM excellence -- FM brand delivery: How a public?private partnership helped to deliver Olympic standard services to an international sporting event -- FM brand delivery: Delivering integrated preventive guest room maintenance for thousands of hotel rooms in Singapore. | |
| 520 | _aThe fourth in this series of RICS case studies demonstrates that more and more organisations are recognising the importance of the built environment to their core business. This is often highlighted by the Facilities Management (FM) challenges these organisations face. The diversity of these challenges is demonstrated by the sample of case studies included here ? ranging from the need to maintain delivery of the FM service with reduced funding, to improving customer experiences to ensure competitiveness, and to improving health and safety in international schools. | ||
| 650 | 2 | 4 | _aStrategic Facilities Management |
| 651 | 4 | _aENGLAND AND WALES | |
| 690 |
_aFacilities management _96240 |
||
| 700 | 1 | _aDavies, Alex | |
| 700 | 1 | _aSharp, David | |
| 700 | 1 | _aBean, Sara | |
| 710 | 1 |
_aRoyal Institution of Chartered Surveyors _94900 |
|
| 942 |
_n0 _2ddc |
||
| 999 |
_c115935 _d115935 |
||